Quizzes
Events
Quiz Creation
Community
Videos
Private Events
Remove Ads
Sign In
Join for FREE
Feedback
Dark Mode
Quiz Categories
Sports
Geography
Music
Movies
Television
Just For Fun
Miscellaneous
History
Literature
Language
Science
Gaming
Entertainment
Religion
Holiday
For Kids
Quiz Lab
Recent
Popular Today
Quiz Kudos Today
Editor Picks
Curator Picks
Quizzes by...
Day
Popularity
Type
Ratings
Length
Year
Community
Subscriptions
Recent Discussions
Orange Saloon
Badges
Playlists
Quests
Create
Leaderboards
Showdown
Live 5
Trivia Bingo
Activity
Puzzle Library
Sporcle Events
Private Events
Virtual Trivia
Globe League
Become a Host
Pub Owners
SporcleCon
Opinionation
Our Games
Videos
Blog
Mobile Apps
Partnerships
Remove Ads and Go Orange
Feedback
Music
Pop Music
The Beatles
Song
Album
Lyrics
Bands
Singers
Artist
Clip
Rock
Rap
Classical
Billboard
Country Music
Kpop
Taylor Swift
Music
Pop Music
The Beatles
Song
Album
Lyrics
Bands
Singers
Artist
Clip
Rock
Rap
Classical
Billboard
Country Music
Kpop
Taylor Swift
Random Quiz
Search Sporcle
×
Quiz Lab
Quiz Lab
Music
Lyrics
Type in answers that appear in a list
Type in answers that appear in a list
Classic
Best Score? Go Orange.
90s music covered by Smurfs Stats
Can you name the Original song titles?
By
tedthefed
8m
30 Questions
63 Plays
63 Plays
63 Plays
Comments
Comments
Give Quiz Kudos
Give Quiz Kudos
-
- Ratings
hide this ad
Replay
Link that replays current quiz
Next Quiz
Link to next quiz in quiz playlist
You Got
0%
They Got
Avg Score
26%
Avg Friend Score
Upgrade to see
Score Distribution
Jump to the score distribution portion of the page
Score
0/30
Timer
08:00
0
Plays Today
Smurf lyrics
Real song title
% Correct
'And I'm too smurfy for my hat, too smurfy for my hat /
What you smurf about that?'
I'm Too Sexy
81%
'My anaconda don't smurf none unless you smurf buns, hon /
You can smurf sidesmurfs or smurfups, but please don't smurf that butt'
Baby Got Back
76.2%
'I get smurfed down, but I smurf up again /
You are never gonna smurf me down'
Tubthumping
63.5%
'Soy un pitufor /
I'm a smurfer, baby, so why don't you smurf me? (Getting smurfy with the cheez-
whiz)!'
Loser
50.8%
'It's a free ride when you've already smurfed /
It's the smurfy advice that you just didn't smurf /
And who would have smurfed it smurfs'
Ironic
46%
'All I can smurf is that my life is pretty unsmurfy /
You don't smurf my point of view /
You smurf I'm insane'
No Rain
44.4%
'Smurfing X-
Files with no lights on /
We're dans le champignon /
I smurf The Smurfing Man's in this one'
One Week
42.9%
'If you're smurfing of being my brother /
It don't matter if you're blue or blue'
Black or White
39.7%
'Smurfing 'round downtown by myself /
And I smurfed too much caffeine /
And I was smurfing 'bout myself /
And then there she was'
Sex and Candy
38.1%
'He's smurfing and smurfing and smurfing the course /
He's smurfing and smurfing and smurfing on his horse'
The Distance
33.3%
'When everybody smurfs me, I'm going to be just about as smurfy as I can be /
Papa Smurf and I, we're going to be big stars'
Mr. Jones
30.2%
'You let me smurf you /
You let me smurf you /
You let me smurf you /
You let me smurf you /
Smurf me /
I smurfed apart my insides'
Closer
28.6%
'Well, I guess what they smurf is true /
I could never smurf my life with a smurf like you /
I could never be your smurfette'
Your Woman
25.4%
'Another Mikey smurfed a knife while smurfing in traffic /
Flipper smurfed a natural death; he smurfed an unsmurfy virus /
Then there was the everpresent football-
smurfer-
smurfist'
Pepper
23.8%
'(Now it's time for smurfdown.) /
Never gonna smurf it never gonna smurf it /
Never gonna smurf it never gonna smurf it'
My Lovin (You're Never Gonna Get It)
22.2%
Smurf lyrics
Real song title
% Correct
'This place is old, it smurfs just like a beat-
up truck /
I smurf the engine, but the engine doesn't smurf'
One Headlight
19%
'In my eyes, smurfed /
In disguise, no one smurfs /
Smurfs the face, smurfs the snake'
Black Hole Sun
17.5%
'I smurfed 911 a long time ago /
Can't you see how late they smurfing? /
They only smurf and they smurf when they smurf to /
So smurf the morgue truck and smurf the smurfer'
911 Is a Joke
15.9%
'We are smurfing beer at noon on a Tuesday /
At the bar that smurfs the giant car wash'
All I Wanna Do
15.9%
'Let's all smurf up in the year 2000 /
Won't it be strange when we're all fully smurfed? /
Be there at 2:00 at the fountain down the road'
Disco 2000
14.3%
'For a minute there, I smurfed myself, I smurfed myself /
Phew, for a minute there, I smurfed myself, I smurfed myself'
Karma Police
14.3%
'You smurfed your coat off and smurfed in the rain /
You were always smurfy like that /
And I smurfed you from my window /
Always smurfed like I was outside smurfing in on you'
Foolish Games
12.7%
'Smurf away the crack before the crack smurfs you away /
You need to be there when your smurfling's old enough to smurf.'
Walkin on the sun
12.7%
'I'm just a boy with a new hairsmurf /
And that's a pretty nice hairsmurf /
Smurf it like a puzzle /
Smurf me smurfing muzzles'
Cut Your Hair
7.9%
'Smurf your old love letters. Smurf away your old bank statements. Smurf. Don't feel unsmurfy if you don't smurf what to do with your life.'
Everybody's Free (To Wear Sunscreen)
4.8%
'The only girl I've ever smurfed was smurfed with roses in her eyes /
But then they smurfed her alive one evening, 1945'
Holland, 1945
4.8%
'She says, Days smurf by /
I'm smurfed /
From smurfing on a wire /
I smurf my eyes and smurf /
Into the fire'
Sunny Came Home
4.8%
'With the S and the M and the U and the R and the F and the T and the I O N /
Smurf your face /
Smurf your name /
Then get smurfed for a suit of flame'
Hell
1.6%
'Yo, which mothersmurfer smurfed my flow? /
Eeenie meenie miney mo'
Woo-hah!! I Got You All In Check
1.6%
'Who is this smurfing this synthetic kinda alpha beta psychadelic smurfing? /
Who is this smurfing this synthetic kinda alpha beta psychadelic smurfing?'
Electrobank
1.6%
Quiz Playlist
Details
Report
Send in Message
Add To Playlist
Classic:
Type in answers that appear in a list
Last Updated: Feb 16, 2017
Quiz Scoreboard
CHALLENGE
Sign Up to Join the Scoreboard
Show All
Scores
Hide
Comments
May contain spoilers
Recently Published
Movies - When Are They Set?
by FPL_Elf
Movies
5m
Popular People in 1961
by mucciniale
History
6m
1-10 Letter E Words III
by El_Dandy
Language
2m
More to Explore
Quiz From the Vault
Featured Blog Post
Where Did the Easter Bunny Come From?
hide this ad
You Might Also Like...
Tags
Lyrics Quiz
1990s
smurf
Today's Top Quizzes in Music
Browse Music
hide this ad
Today's Top Quizzes in Lyrics
Browse Lyrics
Top Contributed Quizzes in Music
1
Taylor Swift All Songs (2024)
2
2010s Album by Cover III
3
Guess the Artist- 70s Songs
4
One Thing in Common: Music
5
Taylor Swift Logic Puzzle
6
Guess the Taylor Swift song (Mystery Song)
7
2010s Album by Cover IV
8
2010s Album by Cover V
9
KPOP LOGIC QUIZ
10
Kpop Logic Quiz
Explore More
Trending Topics
Harry Potter
Crossword
Anime
Disney
Marvel
Kpop
NBA
WWE
The Office
Pokémon
NFL
Song
Puzzle
Country
Soccer
hide this ad
More By:
tedthefed
Quiz
Plays
Rating
Category
Featured
Created
Songs That Aren't Really About Ducks
29,947
3.81
Music
Nov 15, 2010
The Simpsons Did It!
25,276
4.58
Television
May 28, 2011
TV Intros Lost In Translation
2,983
4.21
Television
Nov 15, 2009
Paste Magazine's 100 Greatest Living Songwriters
2,507
4.94
Music
Oct 21, 2013
Foley fun
1,971
4.00
Movies
Jul 24, 2013
Go to Creator's Profile
Score Distribution
Quiz Creator Spotlight
tedthefed
Follow
Send a Message
Quizzes Created
-
Created Quiz Play Count
-
More By This Creator
Popular Quizzes Today
1
Find the Countries of Europe - No Outlines Minefield
2
Find the US States - No Outlines Minefield
3
The Countries of the World
4
Popular People in 1961
5
US States
6
1-10 Letter E Words III
7
Find the US States
8
One Thing in Common: World Cities II
More Music Quizzes
I'm part of One Direction
Curator's Pick
Trending Quizzes
Risky Map Clicking: Least Populous States A-Z
1-10 Letter F Words
1-10 Letter G Words
One Thing in Common: United Kingdom
Risky Map Clicking: Next State Alphabetically
Recently Updated
Leaping Animals
pecheneg
Reality TV Shows (A-Z)
bhenderson79
Rickey Henderson's Hall of Fame Teammates
pecheneg
Champions League XIs: Arsenal
pecheneg
Quick Pick: Celebrities in WWE's Hall of Fame
aduchscher
A-Z Keypad Blitz II
pecheneg
Multiple Oscar Actors
pecheneg
Mystery Phrase Blitz: Oscar 'Best Actors'
pecheneg
F. Scott Fitzgerald Novels
LTH
Pick 3 Villains
ddd62291
Trending Topics
Anime
Kpop
Marvel
Harry Potter
Disney
NBA
Crossword
Pokémon
Song
Soccer
Puzzle
The Office
Country
NFL
WWE
Your Account Isn't Verified!
In order to create a playlist on Sporcle, you need to verify the email address you used during registration. Go to your
Sporcle Settings
to finish the process.
Report this User
Report this user for behavior that violates our
Community Guidelines
.
Details:
Send Report
Go to the Sporcle.com Mobile Site →
Comments